Responses for Show #6437 - Tuesday, September 18, 2012

Contestants

[<< previous game]

Penny Citrola, an English language tutor originally from East Meadow, New York

Paul Camp, a letter carrier from Fort Wayne, Indiana

Vamsi Adusumilli, a marketing director originally from Columbia, Missouri (whose 1-day cash winnings total $12,800)

[next game >>]

Jeopardy! Round responses

WHEELS OF FORTUNE
LAW & ORDER
FACE, THE NATION
STAR SEARCH
"EXTRA"
LONG-RUNNING TV
    $200 1
BMW

Paul
    $200 2
dismissal

Penny
    $200 7
Argentina

Paul
    $200 16
helium

Penny
    $200 26
extrasensory

Paul
    $200 21
Monday Night Football

Paul
    $400 9
Porsche

Paul
    $400 3
damages

Paul
    $400 8
Iraq

Vamsi
    $400 17
Cancer

Paul
    $400 27
extraterrestrials

Vamsi
    $400 22
M*A*S*H

Paul
    $600 10
(Vamsi: [In a James Bond accent] Martin. Aston Martin.)
[Audience laughs]

Rolls-Royce

VamsiPaul
    $600 4
misdemeanors

Paul
    $600 13
Turkey

Paul
    $600 18
nova

Paul
    $600 30
"Extra! Extra! Read all about it!"

Paul
    $600 23
(Alex: Yeah, you were smiling as I was reading that clue, so I knew you were gonna get it.)

South Park

Penny
    $800 11
[Laughter heard from the contestants while Alex is reading the clue]
...
(Alex: Yeah. Vamsi will never forgive you for beating him to the punch on that one.)

Aston Martin

Paul
    $800 5
(Alex: That would be an [*], before or after the fact.)

accessory

Triple Stumper
    $800 14
Chavez

Vamsi
    $800 19
dwarfs

Vamsi
    $800 28
extraneous

Vamsi
    $800 24
Gunsmoke

Paul
    $1000 12
Lamborghini

Vamsi
    $1000 6
venue

Paul
    $1000 15
(Paul: Who is Fox?)

Felipe Calderón

Paul
Triple Stumper
    $1000 20
magnitude

Triple Stumper
    $1000 29
extrapolation

Triple Stumper
    $1000 25
(Alex: A minute to go now, Paul.)

60 Minutes

Triple Stumper

Scores at the first commercial break (after clue 15):

Vamsi Paul Penny
$1,600 $3,800 $200

Scores at the end of the Jeopardy! Round:

Vamsi Paul Penny
$3,600 $7,000 $1,000

Double Jeopardy! Round responses

LITERARY WHITE PAPER
WORD & PHRASE ORIGINS
DUTCH COURAGE
MUSIC TERMS
AN A-PAUL-ING CATEGORY
MOVIE TAGLINES
    $400 26
the President

Penny
    $400 21
the peacock

Penny
    $400 11
(Vamsi: What is sunk it?)
(Alex: Be more specific.)
(Vamsi: What is... torpedoed it--self?)
(Paul: What is set it on fire?)

blew it up

VamsiPaul
Triple Stumper
    $400 16
baritone

Penny
    $400 6
(Paul) Revere

Vamsi
    $400 1
The Hunger Games

Vamsi
    $800 27
The White Album

Triple Stumper
    $800 22
fiddle-dee-dee

Penny
    $800 12
the dam (or the dike)

Penny
    $800 17
(Vamsi: What is a mezzo-soprano?)

coloratura

Vamsi
Triple Stumper
    $800 7
(Paul) Allen

Paul
    $800 2
The King's Speech

Penny
    $1200 28
"Snow White" ("and the Seven Dwarfs")

Vamsi
    $1200 23
tennis

Penny
    $1200 13
Anne Frank

Paul
    $1200 18
vibrato

Penny
    $1200 8
Paul Rudd

Penny
    $1200 3
Fight Club

Penny
    $1600 30
Jack London

Vamsi
    $2,000 24
survival of the fittest

Penny
    $1600 14
Waterloo

Triple Stumper
    $1600 19
Lied

Triple Stumper
    $1600 9
(Alex: This category is made for you.)

Prudhomme

Paul
    $1600 4
Dumb and Dumber

Vamsi
    $2000 29
the White Rabbit

Penny
    $2000 25
shillelagh

Penny
    $1,800 15
(Paul: [No response])

"The Flying Dutchman"

Paul
    $2000 20
diminuendo

Triple Stumper
    $2000 10
Paul Tsongas

Triple Stumper
    $2000 5
The Shawshank Redemption

Penny

Scores at the end of the Double Jeopardy! Round:

Vamsi Paul Penny
$7,600 $8,400 $17,400
(lock game)

[wagering suggestions for these scores]

Final Jeopardy! Round responses

HISTORIC FIRSTS
(Alex: Yes, the vehicle that the astronauts rode in on the Moon.)
VamsiWhat is a space shuttle
$2,400
PaulWhat is a Lunar Module?
$6,800
PennyWhat is a lunar rover?
$400
a lunar rover

Final scores:

Vamsi Paul Penny
$5,200 $1,600 $17,800
2nd place: $2,000 3rd place: $1,000 New champion: $17,800

Game dynamics:

Coryat scores:

Vamsi Paul Penny
$7,600 $10,200 $17,000
11 R,
3 W
19 R
(including 1 DD),
3 W
(including 1 DD)
17 R
(including 1 DD),
0 W

Combined Coryat: $34,800

[game clues] [game scores] [suggest correction]

Game tape date: 2012-07-24
The J! Archive is created by fans, for fans. Scraping, republication, monetization, and malicious use prohibited; this site may use cookies and collect identifying information. See terms. The Jeopardy! game show and all elements thereof, including but not limited to copyright and trademark thereto, are the property of Jeopardy Productions, Inc. and are protected under law. This website is not affiliated with, sponsored by, or operated by Jeopardy Productions, Inc. Join the discussion at JBoard.tv.